00738nam a2200193Ia 4500001001000000003000500010008004100015010001100056040000900067100004000076245014600116260003400262300001000296502010600306650002200412650004700434650001300481710005000494Para_9117CHAP220125s2006 xx 000 0 und d a207870 cCHAP aGutiérrez Balbuena, José Manuel aEfecto de fechas de siembra en la incidencia de insectos fitófagos en tres variedades de frijol /c por José Manuel Gutiérrez Balbuena aChapingo, Méx. :b el autor a66 h. aTesis (Ing. Agr. Esp. en Parasitología Agrícola) -- UACh. Departamento Parasitología Agrícola aFrijol x plagas  aFrijol x variedades resistentes a plagas  aInsectos aUACh. Departamento Parasitología Agrícola